Wisconsin state government and business (Record no. 501741)

000 -LEADER
fixed length control field 00358cam a22001217a 4500
008 - FIXED-LENGTH DATA ELEMENTS--GENERAL INFORMATION
fixed length control field 180718b1956 xxu||||| |||| 00| 0 eng d
082 ## - DEWEY DECIMAL CLASSIFICATION NUMBER
Classification number Ux775 Sa49
100 ## - MAIN ENTRY--PERSONAL NAME
Personal name Samuels, Warren J.
245 ## - TITLE STATEMENT
Title Wisconsin state government and business
Statement of responsibility, etc. by Warren J. Samuels
260 ## - PUBLICATION, DISTRIBUTION, ETC.
Place of publication, distribution, etc. Wisconsin
Name of publisher, distributor, etc. Department of Economics
Date of publication, distribution, etc. 1956
650 ## - SUBJECT ADDED ENTRY--TOPICAL TERM
Topical term or geographic name entry element Business
650 ## - SUBJECT ADDED ENTRY--TOPICAL TERM
Topical term or geographic name entry element Government
Holdings
Withdrawn status Lost status Damaged status Not for loan Permanent Location Current Location Date acquired Full call number Barcode Date last seen Price effective from Koha item type
        Indian Institute of Public Administration Indian Institute of Public Administration 2018-08-04 Ux775 Sa49 GR242 2018-08-04 2018-08-04 GR

Powered by Koha